000 00623nam a2200253Ia 4500
008 160321s9999||||xx |||||||||||||| ||und||
040 _cHindi
082 _aVII.A(Author) Kalidas/Pande
082 _bBORI-83112
100 _aGovind Chandra Pande
245 _aKalidas Aur Unka Group
300 _a166
300 _cC
300 _eHardbound
530 _u00095776.pdf
563 _aStudy
600 _aGovind Chandra Pande
630 _aKalidas Aur Unka Group
650 _aAuthor
650 _aClassical Lit.
700 _aGovind Chandra Pande
730 _aKalidas Aur Unka Group
942 _cBOOK
999 _c1370702
_d1370699